Electric shock (Record no. 118471)

MARC details
000 -LEADER
fixed length control field 01652cam a2200241 4500
001 - CONTROL NUMBER
control field ABS68506
008 - FIXED-LENGTH DATA ELEMENTS--GENERAL INFORMATION
fixed length control field 041222n2004 000 0 eng u
035 ## - SYSTEM CONTROL NUMBER
System control number (Sirsi) u128396
100 ## - MAIN ENTRY--PERSONAL NAME
Personal name Richards, A.
245 ## - TITLE STATEMENT
Title Electric shock
260 ## - PUBLICATION, DISTRIBUTION, ETC.
Date of publication, distribution, etc. 2004
490 ## - SERIES STATEMENT
Series statement Fire Engineers' Journal
Volume/sequential designation 64(251) December 2004, 34-35(2)
520 ## - SUMMARY, ETC.
Summary, etc. Explains how contractors will need to register as competent persons to undertake electrical work under the Building Regulations 2000 Approved Document P (2005 edition). Points out that from 1 January 2005, electrical installations operating at low or extra-low voltage in dwellings will be covered by Part P in England and Wales. Suggests a householder can inform the local building control office of their intention to carry out electrical installation works and submit building notices in advance of the works. Building control will then inspect the work when it is completed. Alternatively, they can employ an electrical contractor, who is registered as a competent person to Part P. Registration must be with an ODPM approved certification body. Information about self-certification can be found at www.partp.co.uk. Copies of Part P can be downloaded from www.odpm.gov.uk. Further information is available from the Institution of Electrical Engineers at www.iee.org.
590 ## - LOCAL NOTE (RLIN)
Local note ABS
590 ## - LOCAL NOTE (RLIN)
Local note ABS
650 ## - SUBJECT ADDED ENTRY--TOPICAL TERM
Topical term or geographic name entry element BUILDING REGULATIONS 2000 APPROVED DOCUMENT P (2005 EDITION)
650 ## - SUBJECT ADDED ENTRY--TOPICAL TERM
Topical term or geographic name entry element BUILDING CONTROL
9 (RLIN) 6222
650 ## - SUBJECT ADDED ENTRY--TOPICAL TERM
Topical term or geographic name entry element ELECTRICAL WORKS
650 ## - SUBJECT ADDED ENTRY--TOPICAL TERM
Topical term or geographic name entry element CERTIFICATION SCHEMES
650 ## - SUBJECT ADDED ENTRY--TOPICAL TERM
Topical term or geographic name entry element BUILDING CONTRACTORS
690 ## - LOCAL SUBJECT ADDED ENTRY--TOPICAL TERM (OCLC, RLIN)
Topical term or geographic name as entry element BUILDING AND CONSTRUCTION-REGULATION AND CONTROL
942 ## - ADDED ENTRY ELEMENTS (KOHA)
Suppress in OPAC 0
Holdings
Withdrawn status Lost status Source of classification or shelving scheme Damaged status Not for loan Home library Current library Shelving location Date acquired Total Checkouts Full call number Barcode Date last seen Copy number Price effective from Koha item type
    Dewey Decimal Classification     London London Journal article 22/12/2004   ABS68506 128396-1001 06/08/2019 1 06/08/2019 Journal article